[Event "Titled Tuesday intern op 02nd Apr Early"]
[Site "Chess.com INT"]
[Date "2024.04.02"]
[Round "7"]
[White "Pantsulaia, Levan"]
[Black "Martinez Alcantara, Jose Eduardo"]
[Result "1-0"]
[WhiteElo "2535"]
[BlackElo "2603"]
[PlyCount "115"]
[EventDate "2024.04.02"]
[EventType "swiss (blitz)"]
[EventRounds "11"]
[EventCountry "USA"]
[SourceTitle "CB15_2024"]
[SourceDate "2024.04.10"]
[SourceVersion "1"]
[SourceVersionDate "2024.04.10"]
[SourceQuality "1"]

1. Nf3 c5 2. c4 Nc6 3. Nc3 g6 4. e3 Bg7 5. d4 d6 6. d5 Na5 7. Bd2 Nf6 8. a3 b6 9. b4 Nb7 10. Bd3 0-0 11. 0-0 Bg4 12. h3 Bxf3 13. Qxf3 cxb4 14. axb4 a5 15. Na2 Nd7 16. Rab1 Qc7 17. Qe2 Rfc8 18. Rfc1 Ne5 19. Be1 Qd7 20. Qd1 Rc7 21. Bf1 Qc8 22. Nc3 Qd8 23. Nb5 Rcc8 24. Nd4 axb4 25. f4 Nd7 26. Nc6 Qe8 27. Rxb4 Na5 28. Qf3 e5 29. dxe6 fxe6 30. Nd4 Qe7 31. Rbb1 Kh8 32. Nb5 Nc5 33. Rd1 Nab7 34. Bb4 Rab8 35. Na7 Qc7 36. Nxc8 Rxc8 37. Be1 Rf8 38. Qg4 Nd8 39. Bb4 Ne4 40. Bd3 Nc5 41. Bc2 Kg8 42. h4 Qe7 43. h5 gxh5 44. Qxh5 h6 45. Qg6 Rf6 46. Qh7+ Kf8 47. Bc3 e5 48. fxe5 dxe5 49. Rf1 Nd7 50. Bb4 Nc5 51. Rxf6+ Bxf6 52. Qxh6+ Ke8 53. Rf1 Bg7 54. Qxb6 Nde6 55. Bg6+ Kd7 56. Rd1+ Kc8 57. Bxc5 Nxc5 58. Bf5+ 1-0

[Event "GEO-ch 83rd"]
[Site "Tbilisi"]
[Date "2024.01.29"]
[Round "1"]
[White "Quparadze, Giga"]
[Black "Pantsulaia, Levan"]
[Result "1/2-1/2"]
[WhiteElo "2491"]
[BlackElo "2561"]
[PlyCount "22"]
[EventDate "2024.01.29"]
[EventType "tourn"]
[EventRounds "9"]
[EventCountry "GEO"]
[EventCategory "9"]
[SourceTitle "CB07_2024"]
[SourceDate "2024.02.14"]
[SourceVersion "1"]
[SourceVersionDate "2024.02.14"]
[SourceQuality "1"]

1. e4 e5 2. Nf3 Nc6 3. Bb5 Nf6 4. 0-0 Nxe4 5. d4 Nd6 6. dxe5 Nxb5 7. a4 Nbd4 8. Nxd4 Nxd4 9. Qxd4 d6 10. exd6 Qxd6 11. Qe4+ Qe6 1/2-1/2

[Event "Wch Blitz"]
[Site "Samarkand"]
[Date "2023.12.30"]
[Round "20"]
[White "Van Foreest, Jorden"]
[Black "Pantsulaia, Levan"]
[Result "0-1"]
[WhiteElo "2679"]
[BlackElo "2561"]
[PlyCount "75"]
[EventDate "2023.12.29"]
[EventType "swiss (blitz)"]
[EventRounds "21"]
[EventCountry "UZB"]
[SourceTitle "CB01_2024"]
[SourceDate "2024.01.03"]
[SourceVersion "1"]
[SourceVersionDate "2024.01.03"]
[SourceQuality "1"]

1. e4 c6 2. d4 d5 3. e5 Bf5 4. Ne2 e6 5. Ng3 Bg6 6. h4 h6 7. h5 Bh7 8. Bd3 Bxd3 9. cxd3 Qb6 10. Ne2 c5 11. dxc5 Bxc5 12. d4 Bb4+ 13. Kf1 Qa6 14. g3 Ne7 15. Kg2 Nd7 16. Bd2 Nc6 17. Bxb4 Nxb4 18. Qd2 Nc6 19. Nbc3 0-0 20. Rh4 Rac8 21. Rg4 Kh8 22. Rh1 b5 23. Rhh4 b4 24. Nd1 Qxa2 25. Ne3 Rg8 26. Nf4 Nf8 27. Nexd5 exd5 28. Ng6+ fxg6 29. hxg6 Nh7 30. gxh7 Rgf8 31. Rxg7 Kxg7 32. Qxh6+ Kh8 33. Rg4 Rxf2+ 34. Kh3 Rf7 35. Rg8+ Rxg8 36. hxg8R+ Kxg8 37. Qxc6 Qb1 38. e6 0-1

[Event "Wch Blitz"]
[Site "Samarkand"]
[Date "2023.12.29"]
[Round "8"]
[White "Pantsulaia, Levan"]
[Black "Gukesh, Dommaraju"]
[Result "1-0"]
[WhiteElo "2561"]
[BlackElo "2720"]
[PlyCount "113"]
[EventDate "2023.12.29"]
[EventType "swiss (blitz)"]
[EventRounds "21"]
[EventCountry "UZB"]
[SourceTitle "CB01_2024"]
[SourceDate "2024.01.03"]
[SourceVersion "1"]
[SourceVersionDate "2024.01.03"]
[SourceQuality "1"]

1. Nf3 d5 2. c4 d4 3. b4 c5 4. b5 Nd7 5. d3 e5 6. g3 Ngf6 7. Bg2 Bd6 8. 0-0 0-0 9. a4 Re8 10. Nbd2 Rb8 11. Re1 Nf8 12. e3 Ng6 13. exd4 exd4 14. Rxe8+ Qxe8 15. Ng5 Bf5 16. Nde4 Nxe4 17. Nxe4 Bf8 18. a5 Qd7 19. Ba3 b6 20. axb6 axb6 21. Bc1 Re8 22. Ra6 Qc7 23. h4 Bc8 24. Ra8 Bd7 25. Rxe8 Bxe8 26. h5 Ne5 27. h6 f6 28. f4 Nf7 29. Qg4 Qe7 30. hxg7 Bxg7 31. Qc8 Qd8 32. Qxd8 Nxd8 33. Nd6 Bd7 34. Kh2 Kf8 35. Bh3 Ke7 36. Nf5+ Bxf5 37. Bxf5 h6 38. Kh3 Nb7 39. Kg4 Nd6 40. Bg6 Bf8 41. Bd2 Ke6 42. f5+ Ke7 43. Kf4 h5 44. Kf3 Bg7 45. Bf4 Bf8 46. Kg2 Bg7 47. Kh3 Bf8 48. Kh4 Kd7 49. Kxh5 Nb7 50. Bf7 Na5 51. Kg6 Be7 52. Be6+ Kd8 53. Kf7 Nb3 54. g4 Na1 55. Bc7+ Kxc7 56. Kxe7 Nc2 57. g5 1-0

[Event "Wch Blitz"]
[Site "Samarkand"]
[Date "2023.12.29"]
[Round "5"]
[White "Pantsulaia, Levan"]
[Black "Harutyunian, Tigran K"]
[Result "1-0"]
[WhiteElo "2561"]
[BlackElo "2519"]
[PlyCount "67"]
[EventDate "2023.12.29"]
[EventType "swiss (blitz)"]
[EventRounds "21"]
[EventCountry "UZB"]
[SourceTitle "CB01_2024"]
[SourceDate "2024.01.03"]
[SourceVersion "1"]
[SourceVersionDate "2024.01.03"]
[SourceQuality "1"]

1. c4 e6 2. g3 d5 3. Bg2 Nf6 4. Nf3 Be7 5. 0-0 0-0 6. b3 b6 7. Bb2 Bb7 8. e3 c5 9. Nc3 dxc4 10. bxc4 Nc6 11. Qe2 Qd7 12. Rfd1 Rfd8 13. d4 cxd4 14. exd4 Qe8 15. Nb5 Rac8 16. Ne5 a6 17. Na7 Nxa7 18. Bxb7 Rc7 19. Bxa6 Qa4 20. Bb5 Nxb5 21. cxb5 Rd5 22. Rac1 Rxc1 23. Rxc1 Qxa2 24. Rc8+ Rd8 25. Qc2 g6 26. Nc6 Rxc8 27. Nxe7+ Kg7 28. Nxc8 Nd5 29. Nd6 h5 30. h4 Qa5 31. Qe2 Qb4 32. Ne4 Qb3 33. Ng5 Kg8 34. Qf3 1-0

[Event "Wch Blitz"]
[Site "Samarkand"]
[Date "2023.12.29"]
[Round "10"]
[White "Pantsulaia, Levan"]
[Black "Svidler, Peter"]
[Result "0-1"]
[WhiteElo "2561"]
[BlackElo "2689"]
[PlyCount "70"]
[EventDate "2023.12.29"]
[EventType "swiss (blitz)"]
[EventRounds "21"]
[EventCountry "UZB"]
[SourceTitle "CB01_2024"]
[SourceDate "2024.01.03"]
[SourceVersion "1"]
[SourceVersionDate "2024.01.03"]
[SourceQuality "1"]

1. c4 e5 2. Nc3 Bb4 3. Nd5 a5 4. a3 Bc5 5. Nf3 c6 6. Nc3 d6 7. e3 Nd7 8. d4 Ba7 9. b3 Ngf6 10. Qc2 0-0 11. Bb2 Qe7 12. Be2 Re8 13. 0-0 Bb8 14. h3 e4 15. Nd2 d5 16. cxd5 cxd5 17. Nb5 Nf8 18. Rfc1 Ne6 19. a4 Qd7 20. Ba3 Ra6 21. Qd1 Rc6 22. Nc3 Qc7 23. Nf1 Ng5 24. Bb5 Bxh3 25. Bxc6 bxc6 26. gxh3 Nf3+ 27. Kg2 Re6 28. Ne2 Nh5 29. Neg3 Rg6 30. Qc2 Nxg3 31. fxg3 Rxg3+ 32. Kf2 Rxh3 33. Qxc6 Rh2+ 34. Nxh2 Qxh2+ 35. Kf1 Qg1+ 0-1

[Event "Wch Blitz"]
[Site "Samarkand"]
[Date "2023.12.29"]
[Round "11"]
[White "Sanal, Vahap"]
[Black "Pantsulaia, Levan"]
[Result "0-1"]
[WhiteElo "2595"]
[BlackElo "2561"]
[PlyCount "85"]
[EventDate "2023.12.29"]
[EventType "swiss (blitz)"]
[EventRounds "21"]
[EventCountry "UZB"]
[SourceTitle "CB01_2024"]
[SourceDate "2024.01.03"]
[SourceVersion "1"]
[SourceVersionDate "2024.01.03"]
[SourceQuality "1"]

1. e4 c6 2. Nf3 d5 3. d3 Bg4 4. h3 Bh5 5. Bd2 e6 6. g4 Bg6 7. Nc3 Nd7 8. Qe2 Ngf6 9. h4 dxe4 10. dxe4 h5 11. g5 Ng4 12. 0-0-0 Qb6 13. Be1 0-0-0 14. Nd2 Bd6 15. Nc4 Bf4+ 16. Bd2 Qc7 17. f3 Bxd2+ 18. Rxd2 Nge5 19. Nd6+ Kb8 20. f4 Ng4 21. e5 f6 22. Bh3 fxe5 23. Bxg4 hxg4 24. fxe5 g3 25. Qe3 g2 26. Rxg2 Nxe5 27. Qxe5 Rxd6 28. Re2 Bf5 29. h5 Rd7 30. Qe3 Qb6 31. Qf4+ Qc7 32. Qe3 Qb6 33. Qg3+ Qc7 34. Qe3 Qb6 35. Qe5+ Qc7 36. b3 Qxe5 37. Rxe5 Rd4 38. h6 Rg4 39. Kb2 Rxg5 40. Ne4 Rg2 41. h7 Re2 42. Rh4 Rxh7 43. Rxh7 0-1

[Event "Wch Blitz"]
[Site "Samarkand"]
[Date "2023.12.29"]
[Round "6"]
[White "Tsaruk, Maksim"]
[Black "Pantsulaia, Levan"]
[Result "0-1"]
[WhiteElo "2460"]
[BlackElo "2561"]
[PlyCount "80"]
[EventDate "2023.12.29"]
[EventType "swiss (blitz)"]
[EventRounds "21"]
[EventCountry "UZB"]
[SourceTitle "CB01_2024"]
[SourceDate "2024.01.03"]
[SourceVersion "1"]
[SourceVersionDate "2024.01.03"]
[SourceQuality "1"]

1. e4 c6 2. d4 d5 3. e5 Bf5 4. Nf3 e6 5. Be2 Nd7 6. 0-0 Ne7 7. Nbd2 Ng6 8. Nb3 f6 9. exf6 Qxf6 10. Re1 Bd6 11. Bg5 Qf7 12. c4 0-0 13. Rc1 h6 14. Be3 Nf6 15. h3 Ne4 16. Nbd2 Nf4 17. Ne5 Bxe5 18. dxe5 Bxh3 19. Nxe4 Nxg2 20. Nd6 Qg6 21. Bh5 Qh7 22. Bg4 Nxe1 23. Bxh3 Nf3+ 24. Kh1 Qg6 25. cxd5 exd5 26. Rc3 Qh5 27. Qf1 d4 28. Bxd4 Nxd4 29. Qc4+ Kh8 30. Qxd4 Qe2 31. Qe3 Rxf2 32. Qxe2 Rxe2 33. e6 Kg8 34. Bg4 Rd2 35. Nxb7 Rxb2 36. Nd6 Rd2 37. Rxc6 Rf8 38. Rc8 Rxd6 39. e7 Rxc8 40. Bxc8 Kf7 0-1

[Event "Wch Rapid"]
[Site "Samarkand"]
[Date "2023.12.28"]
[Round "12"]
[White "Gurel, Ediz"]
[Black "Pantsulaia, Levan"]
[Result "1-0"]
[WhiteElo "2560"]
[BlackElo "2561"]
[PlyCount "131"]
[EventDate "2023.12.26"]
[EventType "swiss (rapid)"]
[EventRounds "13"]
[EventCountry "UZB"]
[SourceTitle "CB01_2024"]
[SourceDate "2024.01.03"]
[SourceVersion "1"]
[SourceVersionDate "2024.01.03"]
[SourceQuality "1"]

1. e4 c6 2. d4 d5 3. Nc3 dxe4 4. Nxe4 Bf5 5. Ng3 Bg6 6. h4 h6 7. Nf3 Nd7 8. h5 Bh7 9. Bd3 Bxd3 10. Qxd3 e6 11. Bd2 Ngf6 12. 0-0-0 Qc7 13. Qe2 Bd6 14. Nf5 Bf4 15. Ne3 0-0 16. g4 Ne4 17. Rhg1 Ndf6 18. Kb1 Nxd2+ 19. Rxd2 Rfd8 20. Rdd1 c5 21. c3 Rac8 22. g5 hxg5 23. Nxg5 cxd4 24. cxd4 Bxg5 25. Rxg5 Rxd4 26. Rdg1 Ne8 27. a3 Qh2 28. h6 Qxh6 29. Rh5 Rd2 30. Qb5 Qf6 31. Ng4 Qd4 32. Rh8+ Kxh8 33. Qh5+ Kg8 34. Nh6+ Kh7 35. Nxf7+ Kg8 36. Nh6+ Kh7 37. Nf5+ Kg8 38. Nxd4 Rxd4 39. Qe5 Rd6 40. f4 Rcc6 41. f5 Kf7 42. fxe6+ Rxe6 43. Qb8 Re7 44. Qxa7 Nf6 45. Qb8 Rce6 46. Ka2 Ne4 47. Qh8 g5 48. Rf1+ Kg6 49. Qg8+ Kh5 50. Rh1+ Kg4 51. Qh8 Ng3 52. Qh3+ Kf4 53. Rg1 Re3 54. Qh6 Kg4 55. Qd6 R7e5 56. Qd7+ Kf4 57. Qxb7 g4 58. Qf7+ Nf5 59. Qh5 Rg3 60. Qh2 Ree3 61. a4 Kg5 62. a5 Rh3 63. Qd2 Rh6 64. Re1 Kf4 65. Rf1+ Ke4 66. Rxf5 1-0

[Event "Wch Rapid"]
[Site "Samarkand"]
[Date "2023.12.26"]
[Round "5"]
[White "Pantsulaia, Levan"]
[Black "Giri, Anish"]
[Result "1/2-1/2"]
[WhiteElo "2561"]
[BlackElo "2754"]
[PlyCount "100"]
[EventDate "2023.12.26"]
[EventType "swiss (rapid)"]
[EventRounds "13"]
[EventCountry "UZB"]
[SourceTitle "CB01_2024"]
[SourceDate "2024.01.03"]
[SourceVersion "1"]
[SourceVersionDate "2024.01.03"]
[SourceQuality "1"]

1. Nf3 c5 2. c4 Nf6 3. g3 b6 4. Bg2 Bb7 5. Nc3 g6 6. b3 Bg7 7. Bb2 0-0 8. 0-0 Na6 9. d4 cxd4 10. Nxd4 Bxg2 11. Kxg2 Nc5 12. f3 d6 13. e4 Qd7 14. Qe2 Nh5 15. Rfd1 Bxd4 16. Rxd4 Ne6 17. Nd5 Nxd4 18. Bxd4 f6 19. a4 e6 20. Nc3 Rab8 21. Rd1 Qe7 22. Be3 Ng7 23. Bf4 Rfd8 24. h4 Rb7 25. Qb2 Rbd7 26. Nb5 Ne8 27. Nc3 Nc7 28. Qa3 g5 29. hxg5 fxg5 30. Bc1 h6 31. e5 d5 32. Ne4 Ne8 33. Qxe7 Rxe7 34. Nxg5 hxg5 35. Bxg5 Kf7 36. cxd5 Rxd5 37. Rxd5 exd5 38. Bxe7 Kxe7 39. f4 Ng7 40. b4 Nf5 41. g4 Ne3+ 42. Kf3 Nc2 43. b5 Ke6 44. Ke2 Nd4+ 45. Kd3 Nb3 46. Kc3 Nc1 47. Kd2 Nb3+ 48. Kc3 Nc1 49. Kd2 Na2 50. Kd3 Nc1+ 1/2-1/2

[Event "GEO-ch Blitz"]
[Site "Tbilisi"]
[Date "2023.12.07"]
[Round "12"]
[White "Pantsulaia, Levan"]
[Black "Azaladze, Shota"]
[Result "1-0"]
[WhiteElo "2561"]
[BlackElo "2338"]
[PlyCount "63"]
[EventDate "2023.12.05"]
[EventType "swiss (blitz)"]
[EventRounds "13"]
[EventCountry "GEO"]
[SourceTitle "CB50_2023"]
[SourceDate "2023.12.13"]
[SourceVersion "1"]
[SourceVersionDate "2023.12.13"]
[SourceQuality "1"]

1. Nf3 c5 2. c4 Nc6 3. Nc3 g6 4. e3 Bg7 5. d4 Nf6 6. a3 cxd4 7. exd4 d5 8. c5 Bg4 9. Be3 0-0 10. Be2 Bxf3 11. Bxf3 e6 12. b4 Ne7 13. 0-0 Nf5 14. Qd3 Re8 15. Bf4 Nd7 16. Nb5 Nxd4 17. Nxd4 e5 18. Bxd5 exf4 19. Rad1 Ne5 20. Qb3 Rb8 21. Nb5 Qf6 22. Nxa7 f3 23. Bxf3 Nxf3+ 24. Qxf3 Qa6 25. Rd7 Rf8 26. c6 Qxa7 27. cxb7 Qa6 28. Re1 Bf6 29. g3 Kg7 30. Rc1 Rfd8 31. Rc6 Rxd7 32. Qxf6+ 1-0

[Event "FIDE World Cup"]
[Site "Baku"]
[Date "2023.08.02"]
[Round "2.1"]
[White "Pantsulaia, Levan"]
[Black "Carlsen, Magnus"]
[Result "0-1"]
[WhiteElo "2564"]
[BlackElo "2835"]
[PlyCount "88"]
[EventDate "2023.07.30"]
[EventType "k.o."]
[EventRounds "8"]
[EventCountry "AZE"]
[SourceTitle "EXT 2024"]
[Source "ChessBase"]
[SourceDate "2023.10.10"]
[SourceVersion "1"]
[SourceVersionDate "2023.10.10"]
[SourceQuality "1"]

1. Nf3 Nf6 2. c4 b6 3. g3 g6 4. Bg2 Bb7 5. d4 Bg7 6. 0-0 0-0 7. Re1 e6 8. Bf4 d6 9. Qc2 c5 10. dxc5 bxc5 11. Nc3 Qe7 12. Rad1 Rd8 13. Qd2 Ne8 14. Bh6 Nc6 15. Bxg7 Kxg7 16. b3 Nf6 17. Qb2 Kg8 18. Rd2 d5 19. e3 dxc4 20. bxc4 Na5 21. Rxd8+ Rxd8 22. Ne5 Bxg2 23. Kxg2 Qc7 24. Rd1 Rxd1 25. Nxd1 Qd6 26. Nf3 Qxd1 27. Qxf6 Nxc4 28. e4 Qd3 29. Ng5 Qd7 30. h4 h6 31. Nf3 Qc6 32. h5 Qxe4 33. hxg6 Qxg6 34. Qf4 Qd3 35. Qb8+ Kg7 36. Qxa7 Ne3+ 37. fxe3 Qe2+ 38. Kh3 Qxf3 39. a4 Qh1+ 40. Kg4 Qe4+ 41. Kh3 c4 42. Qc7 Kg6 43. Kh2 Qc2+ 44. Kh3 Qxa4 0-1

[Event "FIDE World Cup"]
[Site "Baku"]
[Date "2023.07.30"]
[Round "1.1"]
[White "Harsha, Bharathakoti"]
[Black "Pantsulaia, Levan"]
[Result "1-0"]
[WhiteElo "2563"]
[BlackElo "2564"]
[PlyCount "79"]
[EventDate "2023.07.30"]
[EventType "k.o."]
[EventRounds "8"]
[EventCountry "AZE"]
[SourceTitle "EXT 2024"]
[Source "ChessBase"]
[SourceDate "2023.10.10"]
[SourceVersion "1"]
[SourceVersionDate "2023.10.10"]
[SourceQuality "1"]

1. d4 g6 2. c4 Bg7 3. e4 d6 4. Nc3 c5 5. d5 Bxc3+ 6. bxc3 e5 7. Bd3 Nd7 8. f4 Qf6 9. Ne2 Qh4+ 10. g3 Qe7 11. 0-0 h5 12. f5 gxf5 13. exf5 f6 14. Kh1 Qg7 15. Ng1 Ne7 16. Nf3 Qg4 17. Be2 Qxf5 18. Ng5 Qg6 19. Ne6 Nb6 20. Bd3 e4 21. Nc7+ Kd8 22. Nxa8 Nxa8 23. Be2 Bh3 24. Rg1 Nb6 25. Bf4 f5 26. Rb1 Kc7 27. Qb3 Nec8 28. a4 Bg4 29. Bxg4 Qxg4 30. a5 Nd7 31. Qxb7+ Kd8 32. Rbf1 e3 33. Qb2 Re8 34. Re1 e2 35. Rg2 Qf3 36. Kg1 Qd3 37. Rgxe2 Rg8 38. Qb7 Qxc3 39. Bg5+ Nf6 40. Qf7 1-0

[Event "Aimchess Rapid Div 3 L"]
[Site "Chess.com INT"]
[Date "2023.07.12"]
[Round "5.1"]
[White "Pantsulaia, Levan"]
[Black "Andreikin, Dmitry"]
[Result "1/2-1/2"]
[WhiteElo "2564"]
[BlackElo "2729"]
[PlyCount "95"]
[EventDate "2023.07.10"]
[EventType "k.o. (rapid)"]
[EventRounds "8"]
[EventCountry "USA"]
[SourceTitle "CBM 215 Extra"]
[Source "ChessBase"]
[SourceDate "2023.09.30"]
[SourceVersion "1"]
[SourceVersionDate "2023.09.30"]
[SourceQuality "1"]

1. Nf3 Nf6 2. g3 d5 3. c4 e6 4. Bg2 Be7 5. 0-0 0-0 6. b3 b6 7. Bb2 Bb7 8. e3 c5 9. Nc3 Na6 10. Qe2 Nb4 11. d4 Ne4 12. a3 Nc6 13. dxc5 bxc5 14. cxd5 exd5 15. Rfd1 Nxc3 16. Bxc3 Bf6 17. Bxf6 Qxf6 18. Qb5 Rab8 19. Qxc5 Rfc8 20. Nd4 Ne5 21. Qa5 Ba6 22. Rac1 h5 23. Rxc8+ Rxc8 24. Qxd5 g6 25. h3 Kg7 26. a4 Nd3 27. Qf3 Qb6 28. Bf1 Bb7 29. Qe2 Ne5 30. Qb5 Qc7 31. Bg2 Rb8 32. Bxb7 Rxb7 33. Qd5 Rb6 34. Nb5 Qe7 35. Nd6 Rc6 36. f4 Ng4 37. Qd4+ Nf6 38. e4 Kh7 39. e5 Qe6 40. exf6 Rxd6 41. Qxd6 Qe3+ 42. Kg2 Qe2+ 43. Kg1 Qe3+ 44. Kf1 Qf3+ 45. Ke1 Qe3+ 46. Kf1 Qf3+ 47. Ke1 Qe3+ 48. Kf1 1/2-1/2

[Event "Aimchess Rapid Div 3 L"]
[Site "Chess.com INT"]
[Date "2023.07.12"]
[Round "4.3"]
[White "Pantsulaia, Levan"]
[Black "Pichot, Alan"]
[Result "1-0"]
[WhiteElo "2564"]
[BlackElo "2633"]
[PlyCount "153"]
[EventDate "2023.07.10"]
[EventType "k.o. (rapid)"]
[EventRounds "8"]
[EventCountry "USA"]
[SourceTitle "CBM 215 Extra"]
[Source "ChessBase"]
[SourceDate "2023.09.30"]
[SourceVersion "1"]
[SourceVersionDate "2023.09.30"]
[SourceQuality "1"]

1. Nf3 Nf6 2. g3 b5 3. Bg2 Bb7 4. 0-0 e6 5. b3 Be7 6. c4 b4 7. d4 0-0 8. Bb2 d6 9. Re1 a5 10. Nbd2 a4 11. e4 a3 12. Bc1 e5 13. c5 dxc5 14. dxe5 Nxe4 15. Qc2 Nxd2 16. Bxd2 Nc6 17. Rad1 Qc8 18. Bg5 Qe6 19. Bxe7 Qxe7 20. Rd5 c4 21. Qxc4 Nd8 22. Rb5 c5 23. Rxc5 Ne6 24. Rb5 Rfd8 25. Qxb4 Qxb4 26. Rxb4 Bc6 27. Rc1 Ra6 28. Ne1 Bxg2 29. Kxg2 g6 30. Ra4 Rxa4 31. bxa4 Rd4 32. Rc3 Rxa4 33. Nc2 Ra5 34. Rxa3 Rxe5 35. Ne3 Rb5 36. Ra7 Rb2 37. Nc4 Rc2 38. Ne5 f5 39. a4 Ng5 40. a5 Ne4 41. Nd3 Rd2 42. a6 Ra2 43. Kf3 Nd6 44. Nc5 Ra5 45. Rc7 Nb5 46. Rb7 Nd6 47. Rb6 Nc4 48. Rb8+ Kf7 49. Rb7+ Kf6 50. a7 Ra3+ 51. Kg2 Nd6 52. Rb6 Rxa7 53. Rxd6+ Ke5 54. Rd7 Ra5 55. Nb7 Ra7 56. Rxh7 g5 57. Re7+ Kf6 58. Rd7 g4 59. Nc5 Ra5 60. Nd3 Ra3 61. Nf4 Ra4 62. Rd6+ Kf7 63. h4 gxh3+ 64. Kxh3 Ra2 65. Kg2 Ra4 66. Nd5 Kg7 67. Rf6 Rd4 68. Rxf5 Kg6 69. Ne3 Rd2 70. g4 Ra2 71. Kg3 Ra1 72. Ng2 Ra3+ 73. f3 Ra2 74. Nh4+ Kg7 75. g5 Ra1 76. Rb5 Ra4 77. f4 1-0

[Event "Aimchess Rapid Div 3 W"]
[Site "Chess.com INT"]
[Date "2023.07.10"]
[Round "1.1"]
[White "Pantsulaia, Levan"]
[Black "Gledura, Benjamin"]
[Result "0-1"]
[WhiteElo "2564"]
[BlackElo "2645"]
[PlyCount "56"]
[EventDate "2023.07.10"]
[EventType "k.o. (rapid)"]
[EventRounds "7"]
[EventCountry "USA"]
[SourceTitle "CBM 215 Extra"]
[Source "ChessBase"]
[SourceDate "2023.09.30"]
[SourceVersion "1"]
[SourceVersionDate "2023.09.30"]
[SourceQuality "1"]

1. Nf3 c5 2. c4 Nc6 3. Nc3 Nf6 4. g3 d5 5. cxd5 Nxd5 6. Bg2 g6 7. 0-0 Bg7 8. Qa4 Nc7 9. Ng5 Bd7 10. Qc4 0-0 11. Qxc5 Rc8 12. Bxc6 Bxc6 13. Qxa7 Qd7 14. d3 f5 15. Qa3 e5 16. b4 h6 17. Qb3+ Kh8 18. b5 Nxb5 19. Nxb5 hxg5 20. a4 f4 21. Na7 Bd5 22. Qb5 Rc6 23. f3 fxg3 24. hxg3 Qh3 25. Qxd5 Qxg3+ 26. Kh1 Rc2 27. Qe4 Kh7 28. Nb5 Rh8 0-1